Australia FIFA World Cup XIs - Statistics

General Stats
  • This quiz has been taken 32 times
  • The average score is 16 of 50
Answer Stats
Answer % Correct
Tim Cahill
100%
Mathew Ryan
79%
Aaron Mooy
66%
Mark Schwarzer
66%
Mile Jedinak
66%
Jackson Irvine
59%
Harry Souttar
55%
Mathew Leckie
52%
Mark Viduka
48%
Brett Emerton
41%
Craig Goodwin
41%
Trent Sainsbury
41%
Lucas Neill
38%
Mark Bresciano
38%
Mitchell Duke
38%
Tom Rogic
38%
Aziz Behich
34%
Brett Holman
34%
Craig Moore
34%
Robbie Kruse
34%
Jason Culina
31%
Mark Milligan
31%
Miloš Degenek
31%
Tommy Oar
31%
Kye Rowles
28%
Matthew Špiranović
28%
Scott Chipperfield
28%
Vince Grella
28%
Andrew Nabbout
24%
Jason Davidson
24%
Luke Wilkshire
24%
Mile Sterjovski
24%
Riley McGree
24%
Alex Wilkinson
21%
Carl Valeri
21%
Jimmy Mackay
21%
Josh Risdon
21%
Matt McKay
21%
Peter Wilson
21%
Ryan McGowan
17%
Attila Abonyi
14%
Branko Buljevic
14%
David Carney
14%
Doug Utjesenovic
14%
Adrian Alston
10%
Colin Curran
10%
Jack Reilly
10%
Jimmy Rooney
10%
Manfred Schäfer
10%
Ray Richards
10%
No matching quizzes found
Score Distribution
Percent of People with Each Score
Percentile by Number Answered
Your Score History
You have not taken this quiz